5HLuxD.jpg

KING HENRY VIII SENIOR AND PRIMARY SCHOOL LIBRARY OPAC

DREAM WEAVERS (Record no. 6115)

000 -LEADER
fixed length control field 00815nam a22002177a 4500
005 - DATE AND TIME OF LATEST TRANSACTION
control field 20260223082829.0
008 - FIXED-LENGTH DATA ELEMENTS--GENERAL INFORMATION
fixed length control field 260223b ||||| |||| 00| 0 eng d
020 ## - INTERNATIONAL STANDARD BOOK NUMBER
International Standard Book Number 9781788956000
040 ## - CATALOGING SOURCE
Transcribing agency KH8
082 ## - DEWEY DECIMAL CLASSIFICATION NUMBER
Classification number 823.00
100 ## - MAIN ENTRY--PERSONAL NAME
Personal name Sami,Anabelle
Relator term Author
245 ## - TITLE STATEMENT
Title DREAM WEAVERS
Remainder of title NIGHT OF THE SCARY FAIRIES
260 ## - PUBLICATION, DISTRIBUTION, ETC.
Place of publication, distribution, etc. 1 Coda Studios,189 Munster Road,London SW6 6AW
Name of publisher, distributor, etc. Little Tiger
Date of publication, distribution, etc. 2023
300 ## - PHYSICAL DESCRIPTION
Extent 185 pages
Other physical details b illustration
Dimensions 13cm x 20cm
520 ## - SUMMARY, ETC.
Summary, etc. When Tito is tasked with looking after the new girl at school, Neena introduces him to the magical and fun world of Dreamweaving! But when their classmates start acting strangely...-Library Thing-
650 ## - SUBJECT ADDED ENTRY--TOPICAL TERM
Topical term or geographic name entry element Juvenile Fiction
Form subdivision Mystery
655 ## - INDEX TERM--GENRE/FORM
Genre/form data or focus term Mystery
655 ## - INDEX TERM--GENRE/FORM
Genre/form data or focus term Fantasy
700 ## - ADDED ENTRY--PERSONAL NAME
Personal name illustrator
Relator term Burdett,Forrest
942 ## - ADDED ENTRY ELEMENTS (KOHA)
Source of classification or shelving scheme
Koha item type Books - Fiction
Holdings
Withdrawn status Lost status Source of classification or shelving scheme Damaged status Not for loan Collection code Permanent Location Current Location Shelving location Date acquired Full call number Barcode Date last seen Price effective from Koha item type Public note
          Fiction KH8 Primary School Library KH8 Primary School Library Fiction 2026-02-23 823.00 SAM KHPL000008320 2026-02-23 2026-02-23 Books - Fiction PRIMARY LIBRARY

Powered By KH8 IT Dept